000 01312nam a2200229Ia 4500
003 Ost
005 20260507074953.0
008 260507s9999||||xx |||||||||||||| ||und||
020 _a99573306801
040 _cfsecg
041 _aara
082 _a657
100 _aالوردات، خلف عبد الله
_eمؤلف
245 0 _aالتدقيق الداخلي بين والنظرية والتطبيق وفقا لمعايير التدقيق الداخلي الدولية /
_c خلف عبد الله الوردات
260 _aعمان:
_bمؤسسة الوراق للنشر والتوزيع,
_c2006
300 _a490 صفحة؛
_bإيضاحات ؛
_c25 سم
504 _aالملاحق:ص.447-453؛ ببليوغرافيا:488-490
520 _aمدخل للتدقيق الداخلي،الإطار النظري للتدقيق الداخلي،الرقابة الداخلية،الممارسة العمليةللتدقيق الداخلي،تقنيات التدقيق الداخلي،ادارة دائرة التدقيق الداخلي،التدقيق الداخلي وكتابة التقارير،تدقيق العمليات(التدقيق التشغيلي)،التدقيق في الجهاز الحكومي
653 _aالمحاسبة
653 _aمراجعة الحسابات
942 _cكتاب
999 _c42006
_d42006